[Event "Varennes"]
[Site "Varennes CAN"]
[Date "2016.10.09"]
[Round "4.7"]
[White "Robichaud, Louis"]
[Black "Bolduc, Steve"]
[Result "1/2-1/2"]
[WhiteElo "2136"]
[BlackElo "2311"]
[PlyCount "106"]
[GameId "2160767908554199"]
[EventDate "2016.10.07"]
[EventType "swiss"]
[EventRounds "5"]
[EventCountry "CAN"]
[SourceTitle "hb 2016"]

1. e4 c5 2. d3 g6 3. g3 Bg7 4. Bg2 Nc6 5. f4 d6 6. Nc3 e6 7. Nf3 Nge7 8. O-O O-O 9. Be3 Nd4 10. e5 Nef5 11. Bf2 Rb8 12. Ne4 Nxf3+ 13. Qxf3 b6 14. g4 Bb7 15. Qh3 Bxe4 16. dxe4 Nd4 17. Bxd4 cxd4 18. exd6 Qxd6 19. e5 Qc5 20. Qd3 Rbc8 21. Be4 Rfd8 22. Rae1 Qb4 23. Qb3 Qxb3 24. axb3 a5 25. Bd3 Rc5 26. g5 Bf8 27. Kg2 Kg7 28. h4 h6 29. Kf3 Rcc8 30. gxh6+ Kxh6 31. Rh1 Be7 32. Reg1 Rh8 33. Ke4 Bc5 34. h5 Kg7 35. hxg6 fxg6 36. Kf3 Rxh1 37. Rxh1 Rg8 38. Rg1 Kf7 39. Rg4 Be7 40. Be4 g5 41. f5 exf5 42. Bxf5 Bc5 43. Ke4 Ke7 44. Kd5 Rd8+ 45. Kc6 Rg8 46. Kd5 Rd8+ 47. Ke4 d3 48. cxd3 Rd4+ 49. Kf3 Rxg4 50. Bxg4 Bd4 51. Ke4 Bxb2 52. d4 b5 53. Bd1 Ba3 1/2-1/2

[Event "Montreal op"]
[Site "Montreal CAN"]
[Date "2016.09.09"]
[Round "1.13"]
[White "Jacquet, Stephane"]
[Black "Bolduc, Steve"]
[Result "1/2-1/2"]
[WhiteElo "2050"]
[BlackElo "2317"]
[PlyCount "86"]
[GameId "2160767908570853"]
[EventDate "2016.09.09"]
[EventType "swiss"]
[EventRounds "5"]
[EventCountry "CAN"]
[SourceTitle "hb 2016"]

1. d4 Nf6 2. c4 e6 3. Nf3 d5 4. cxd5 exd5 5. Qc2 Bb4+ 6. Bd2 Bd6 7. Bg5 h6 8. Bh4 Nc6 9. Nc3 g5 10. Bg3 O-O 11. e3 Re8 12. Be2 Ne4 13. Nxe4 dxe4 14. Bc4 Qf6 15. Nd2 Bf5 16. a3 Kg7 17. Nb3 a5 18. Rd1 Re7 19. O-O h5 20. h3 h4 21. Bxd6 cxd6 22. Qe2 Qg6 23. f3 exf3 24. Qxf3 Be4 25. Qe2 Rae8 26. Nd2 Bc2 27. Rde1 Nxd4 28. Qg4 Ne6 29. Rf2 f5 30. Qf3 Nc5 31. Qd5 a4 32. e4 f4 33. Bb5 Rf8 34. e5 Nd3 35. Qd4 dxe5 36. Bxd3 Qxd3 37. Qc5 Rfe8 38. Nf3 Bb3 39. Nxg5 Bd5 40. Nf3 Bxf3 41. Rxf3 Qd2 42. Re4 Qxb2 43. Rfxf4 exf4 1/2-1/2

[Event "Montreal op"]
[Site "Montreal CAN"]
[Date "2016.09.10"]
[Round "2.11"]
[White "Bolduc, Steve"]
[Black "Sprumont, Oscar"]
[Result "1-0"]
[WhiteElo "2317"]
[BlackElo "2141"]
[PlyCount "111"]
[GameId "2160767908570874"]
[EventDate "2016.09.09"]
[EventType "swiss"]
[EventRounds "5"]
[EventCountry "CAN"]
[SourceTitle "hb 2016"]

1. d4 Nf6 2. Bg5 c5 3. Bxf6 gxf6 4. d5 Qb6 5. Qc1 f5 6. c3 Qh6 7. e3 Bg7 8. g3 d6 9. Bg2 Nd7 10. Ne2 Ne5 11. O-O Bd7 12. Nd2 Bb5 13. c4 Bd7 14. Qc2 b5 15. Rab1 O-O 16. Nf4 bxc4 17. Nxc4 Nxc4 18. Qxc4 Rab8 19. Qc2 Rb6 20. h4 Rfb8 21. b3 Qf6 22. Rfc1 Qe5 23. Nd3 Qf6 24. Nb2 Bb5 25. Bf1 Qe5 26. Bxb5 Rxb5 27. Rd1 Qe4 28. Qxe4 fxe4 29. Nc4 h5 30. Rbc1 Ra8 31. Nd2 f5 32. f3 exf3 33. Rf1 f4 34. gxf4 a5 35. Rc2 a4 36. Kf2 axb3 37. axb3 Bf6 38. Kxf3 Kh7 39. Rg1 Kh6 40. Ne4 Rxb3 41. Nxf6 exf6 42. Ke4 f5+ 43. Kxf5 Rf8+ 44. Ke6 Rxe3+ 45. Kxd6 Rxf4 46. Kxc5 Rd3 47. Rcg2 Rxh4 48. Rg6+ Kh7 49. d6 Rhd4 50. Rg7+ Kh8 51. R7g5 Rh4 52. Kc6 Rh2 53. Rc5 Kh7 54. d7 Kh6 55. Rgg5 Rxd7 56. Kxd7 1-0

[Event "Montreal op"]
[Site "Montreal CAN"]
[Date "2016.09.10"]
[Round "3.7"]
[White "Soudre, Nicolas"]
[Black "Bolduc, Steve"]
[Result "1/2-1/2"]
[WhiteElo "2150"]
[BlackElo "2317"]
[PlyCount "45"]
[GameId "2160767908570893"]
[EventDate "2016.09.09"]
[EventType "swiss"]
[EventRounds "5"]
[EventCountry "CAN"]

1. e4 e5 2. f4 Bc5 3. Nf3 d6 4. Bc4 Nf6 5. d3 Nc6 6. Nc3 a6 7. a3 Be6 8. Qe2 Bxc4 9. dxc4 Qd7 10. f5 h6 11. Be3 Nd4 12. Bxd4 exd4 13. Nd5 Nxd5 14. cxd5 O-O-O 15. O-O-O Rde8 16. Qd3 Kb8 17. Kb1 h5 18. Rhe1 Re7 19. Nxd4 Bxd4 20. Qxd4 Re5 21. Re3 Rhe8 22. Rde1 Qe7 23. g3 1/2-1/2

[Event "Montreal op"]
[Site "Montreal CAN"]
[Date "2016.09.11"]
[Round "4.9"]
[White "Bolduc, Steve"]
[Black "Chabot, Roland"]
[Result "1/2-1/2"]
[WhiteElo "2317"]
[BlackElo "2216"]
[PlyCount "39"]
[GameId "2160767908570920"]
[EventDate "2016.09.09"]
[EventType "swiss"]
[EventRounds "5"]
[EventCountry "CAN"]

1. d4 e6 2. e4 d5 3. Nc3 dxe4 4. Nxe4 Nd7 5. Nf3 Ngf6 6. Bg5 h6 7. Bxf6 Nxf6 8. Bd3 c5 9. Nxf6+ gxf6 10. O-O cxd4 11. Nxd4 Bc5 12. Nb3 Bb6 13. Qf3 f5 14. Rad1 Qg5 15. Bb5+ Kf8 16. c4 Rg8 17. c5 Bc7 18. Bd7 Qg4 19. Qxg4 Rxg4 20. Bxc8 1/2-1/2

[Event "Choc des generations"]
[Site "Montreal CAN"]
[Date "2016.06.25"]
[Round "3.4"]
[White "Bolduc, Steve"]
[Black "Ouellet, Maili-Jade"]
[Result "0-1"]
[WhiteElo "2208"]
[BlackElo "1945"]
[PlyCount "88"]
[GameId "2160767908710353"]
[EventDate "2016.06.24"]
[EventType "swiss"]
[EventRounds "5"]
[EventCountry "CAN"]
[SourceTitle "EXT 2022"]
[Source "ChessBase"]
[SourceDate "2021.10.06"]
[SourceVersion "1"]
[SourceVersionDate "2021.10.06"]
[SourceQuality "1"]

1. d4 d5 2. Nc3 Nf6 3. Bg5 Bf5 4. Bxf6 gxf6 5. e3 e6 6. h4 h6 7. Bd3 Bxd3 8. Qxd3 c6 9. O-O-O Nd7 10. e4 Qa5 11. Nge2 O-O-O 12. Kb1 Nb6 13. Nc1 Nc4 14. Nb3 Qb4 15. a3 Qb6 16. Ka2 Be7 17. exd5 cxd5 18. Rb1 Kb8 19. Na4 Qc6 20. Nbc5 b6 21. b3 Nxa3 22. Kxa3 bxc5 23. dxc5 Bxc5+ 24. Nxc5 Qxc5+ 25. Kb2 Rc8 26. f3 Rc7 27. Rhe1 Rhc8 28. Re2 Qb4 29. Ra1 Rc3 30. Qd1 Qxh4 31. Ra4 Qg3 32. f4 R3c6 33. c4 dxc4 34. bxc4 Rb6+ 35. Ka2 Qc3 36. Qc2 Rxc4 37. Qxc3 Rxa4+ 38. Qa3 Rxa3+ 39. Kxa3 Kc7 40. g3 Rd6 41. Rh2 Rd3+ 42. Kb2 Rxg3 43. Rxh6 Kd7 44. Rxf6 Ke7 0-1

[Event "Choc des generations"]
[Site "Montreal CAN"]
[Date "2016.06.26"]
[Round "4.1"]
[White "Zhu, Hong Rui"]
[Black "Bolduc, Steve"]
[Result "1/2-1/2"]
[WhiteElo "2218"]
[BlackElo "2208"]
[PlyCount "66"]
[GameId "2160767908710356"]
[EventDate "2016.06.24"]
[EventType "swiss"]
[EventRounds "5"]
[EventCountry "CAN"]
[SourceTitle "EXT 2022"]
[Source "ChessBase"]
[SourceDate "2021.10.06"]
[SourceVersion "1"]
[SourceVersionDate "2021.10.06"]
[SourceQuality "1"]

1. e4 c5 2. Nf3 Nc6 3. d4 cxd4 4. Nxd4 e5 5. Nb5 a6 6. Nd6+ Bxd6 7. Qxd6 Qf6 8. Qc7 Nge7 9. Nc3 Nb4 10. Bd3 d5 11. exd5 Nexd5 12. Nxd5 Nxd5 13. Qc5 Be6 14. O-O Qe7 15. Qxe7+ Kxe7 16. Re1 Nb4 17. Rxe5 Nxd3 18. cxd3 Rhd8 19. Re3 Rd5 20. Bd2 a5 21. Bc3 g6 22. Kf1 Kd7 23. a3 Ra6 24. Rae1 Rad6 25. d4 Kc6 26. Re5 Kb5 27. R1e3 Rxe5 28. Rxe5+ Rd5 29. Rxd5+ Bxd5 30. g4 Bf3 31. g5 a4 32. Ke1 Kc4 33. Kd2 Kd5 1/2-1/2

[Event "Choc des generations"]
[Site "Montreal CAN"]
[Date "2016.06.26"]
[Round "5.2"]
[White "Bolduc, Steve"]
[Black "Yu, Zong Yang"]
[Result "1/2-1/2"]
[WhiteElo "2208"]
[BlackElo "2367"]
[PlyCount "51"]
[GameId "2160767908710362"]
[EventDate "2016.06.24"]
[EventType "swiss"]
[EventRounds "5"]
[EventCountry "CAN"]
[SourceTitle "EXT 2022"]
[Source "ChessBase"]
[SourceDate "2021.10.06"]
[SourceVersion "1"]
[SourceVersionDate "2021.10.06"]
[SourceQuality "1"]

1. d4 Nf6 2. c4 e6 3. Nc3 Bb4 4. Nf3 c5 5. g3 Bxc3+ 6. bxc3 Qa5 7. Bd2 b6 8. Bg2 Bb7 9. O-O O-O 10. Qb3 Nc6 11. d5 Ne7 12. Rfd1 Ne4 13. Be1 Qa6 14. Ne5 Nf6 15. e4 d6 16. Nd3 exd5 17. exd5 Ng6 18. Bf1 Bc8 19. f3 Nd7 20. a4 Nde5 21. a5 Qxc4 22. Qxc4 Nxc4 23. axb6 Nxb6 24. Nf2 Bb7 25. f4 Ne7 26. c4 1/2-1/2

[Event "McGill op"]
[Site "Montreal CAN"]
[Date "2016.04.29"]
[Round "1.8"]
[White "Bolduc, Steve"]
[Black "Bouchard, Jean-Marc"]
[Result "1-0"]
[WhiteElo "2218"]
[BlackElo "1885"]
[PlyCount "49"]
[GameId "2160767908735518"]
[EventDate "2016.04.28"]
[EventType "swiss"]
[EventRounds "5"]
[EventCountry "CAN"]
[SourceTitle "hb 2016"]

1. d4 d5 2. c4 e6 3. Nc3 c6 4. e4 dxe4 5. Nxe4 Bb4+ 6. Bd2 Qxd4 7. Bxb4 Qxe4+ 8. Be2 Nd7 9. Qd6 Qxg2 10. Bf3 Qg5 11. Ne2 Qe5 12. Qd2 Ngf6 13. Bd6 Ne4 14. Bxe4 Qxe4 15. Qg5 Nf6 16. O-O-O Rg8 17. Nc3 Qf5 18. Qd2 Bd7 19. Rhe1 b6 20. Re5 Qg4 21. b3 Qf3 22. Re3 Qf5 23. Bc7 Rc8 24. Ne4 Ke7 25. Qd6+ 1-0

[Event "McGill op"]
[Site "Montreal CAN"]
[Date "2016.04.30"]
[Round "2.6"]
[White "Robichaud, Louis"]
[Black "Bolduc, Steve"]
[Result "1-0"]
[WhiteElo "2024"]
[BlackElo "2218"]
[PlyCount "41"]
[GameId "2160767908735531"]
[EventDate "2016.04.28"]
[EventType "swiss"]
[EventRounds "5"]
[EventCountry "CAN"]
[SourceTitle "hb 2016"]

1. e4 e5 2. Nf3 Nf6 3. Nxe5 d6 4. Nf3 Nxe4 5. d4 d5 6. Bd3 Nc6 7. O-O Be7 8. c4 Nb4 9. cxd5 Nxd3 10. Qxd3 Qxd5 11. Re1 Bf5 12. Ne5 Nd6 13. Nc3 Qa5 14. Qd1 O-O 15. b4 Qa6 16. Nd5 Bd8 17. a4 c6 18. b5 cxb5 19. Ba3 bxa4 20. Bc5 b5 21. Nb4 1-0

[Event "McGill op"]
[Site "Montreal CAN"]
[Date "2016.04.30"]
[Round "3.6"]
[White "Allard, Laurent"]
[Black "Bolduc, Steve"]
[Result "0-1"]
[WhiteElo "2012"]
[BlackElo "2218"]
[PlyCount "124"]
[GameId "2160767908735548"]
[EventDate "2016.04.28"]
[EventType "swiss"]
[EventRounds "5"]
[EventCountry "CAN"]
[SourceTitle "hb 2016"]

1. e4 e5 2. Nf3 Nf6 3. Nxe5 d6 4. Nf3 Nxe4 5. d4 d5 6. Bd3 Nc6 7. O-O Be7 8. Re1 Bg4 9. c3 f5 10. h3 Bh5 11. Bf4 O-O 12. Nbd2 Kh8 13. Qc2 Bd6 14. Ne5 Nxe5 15. Bxe5 Bxe5 16. dxe5 Qg5 17. Be2 Qh4 18. Nxe4 fxe4 19. Bxh5 Qxh5 20. Qd2 Qxe5 21. Qd4 Qf5 22. Re2 b6 23. Rd1 Rad8 24. b4 c6 25. c4 h6 26. Rde1 Qf6 27. Qxf6 Rxf6 28. Rd1 Rfd6 29. Rd4 Kg8 30. Red2 b5 31. cxb5 cxb5 32. Rc2 Kf7 33. Rc5 Ke6 34. Rxb5 Ke5 35. Rd2 R8d7 36. Kf1 Rb6 37. Rxb6 axb6 38. a4 d4 39. Ra2 Kd5 40. a5 Kc4 41. axb6 Rb7 42. Ra7 Rxb6 43. Ke2 Rxb4 44. Rc7+ Kd5 45. Rd7+ Ke6 46. Rd8 Rb2+ 47. Ke1 Ke5 48. h4 e3 49. Re8+ Kf4 50. Rf8+ Ke4 51. fxe3 Kxe3 52. Rf3+ Ke4 53. Rg3 Rb7 54. h5 Re7 55. Kd2 Ra7 56. Rg4+ Kd5 57. Rg3 Kc4 58. Kd1 Ra5 59. Rxg7 Rxh5 60. Rg3 Rg5 61. Rh3 h5 62. Kc1 d3 0-1

[Event "McGill op"]
[Site "Montreal CAN"]
[Date "2016.05.01"]
[Round "4.6"]
[White "Bolduc, Steve"]
[Black "Chabot, Roland"]
[Result "1/2-1/2"]
[WhiteElo "2218"]
[BlackElo "2144"]
[PlyCount "48"]
[GameId "2160767908735564"]
[EventDate "2016.04.28"]
[EventType "swiss"]
[EventRounds "5"]
[EventCountry "CAN"]
[SourceTitle "hb 2016"]

1. d4 e6 2. c4 f5 3. Nc3 Nf6 4. Bf4 b6 5. e3 Bb7 6. Nh3 Bb4 7. Qb3 a5 8. a3 Bxc3+ 9. Qxc3 d6 10. f3 Nbd7 11. Bd3 Qe7 12. Bg3 g6 13. O-O O-O 14. b4 e5 15. c5 axb4 16. axb4 dxc5 17. dxc5 bxc5 18. bxc5 Qxc5 19. Qxc5 Nxc5 20. Bb5 Rxa1 21. Rxa1 e4 22. Bxc7 exf3 23. gxf3 Rc8 24. Be5 Ncd7 1/2-1/2

[Event "McGill op"]
[Site "Montreal CAN"]
[Date "2016.05.01"]
[Round "5.6"]
[White "Bolduc, Steve"]
[Black "MacKinnon, Keith"]
[Result "1/2-1/2"]
[WhiteElo "2218"]
[BlackElo "2194"]
[PlyCount "86"]
[GameId "2160767908735581"]
[EventDate "2016.04.28"]
[EventType "swiss"]
[EventRounds "5"]
[EventCountry "CAN"]
[SourceTitle "hb 2016"]

1. d4 Nf6 2. c4 e6 3. Nc3 Bb4 4. f3 d5 5. a3 Bxc3+ 6. bxc3 c5 7. cxd5 Nxd5 8. Qd3 O-O 9. e4 Ne7 10. dxc5 Qa5 11. Bd2 Qxc5 12. Qc4 Qa5 13. Ne2 e5 14. Nc1 Be6 15. Qb5 Qc7 16. Nd3 Nd7 17. Nb4 Nc5 18. Nd5 Nxd5 19. exd5 Bxd5 20. c4 Be6 21. Be3 Rac8 22. Be2 Rfd8 23. Kf2 Nd3+ 24. Bxd3 Rxd3 25. c5 Rb3 26. Qe2 Rd8 27. Rhd1 h6 28. a4 Rxd1 29. Rxd1 Qa5 30. Qc2 Ra3 31. Qe4 Ra2+ 32. Kg3 Re2 33. Qxe5 Qxa4 34. Rd2 Rxd2 35. Bxd2 Qe8 36. Qc7 Bd5 37. Kf2 Bc6 38. g4 Qe6 39. Qd8+ Kh7 40. Qd3+ Qg6 41. Qd4 Qc2 42. Kg3 Qd1 43. Qd3+ Kg8 1/2-1/2

[Event "Carnaval"]
[Site "Quebec CAN"]
[Date "2016.02.19"]
[Round "1"]
[White "Auger, Bertrand"]
[Black "Bolduc, Steve"]
[Result "1/2-1/2"]
[WhiteElo "1921"]
[BlackElo "2309"]
[PlyCount "53"]
[GameId "2160767908761006"]
[EventDate "2016.02.19"]
[EventType "swiss"]
[EventRounds "5"]
[EventCountry "CAN"]
[SourceTitle "EXT 2022"]
[Source "ChessBase"]
[SourceDate "2021.10.06"]
[SourceVersion "1"]
[SourceVersionDate "2021.10.06"]
[SourceQuality "1"]

1. Nf3 c5 2. c4 Nf6 3. Nc3 d5 4. cxd5 Nxd5 5. g3 Nc6 6. Bg2 Nc7 7. O-O e5 8. d3 Be7 9. Be3 O-O 10. Rc1 Rb8 11. Na4 b6 12. b4 Be6 13. bxc5 b5 14. Nc3 b4 15. Ne4 Bxa2 16. Qa4 Bd5 17. Nd6 Ne6 18. Nxe5 Bxg2 19. Nxc6 Bxc6 20. Qxc6 a5 21. Nf5 Bf6 22. Qe4 b3 23. Rc4 Re8 24. Nd6 Re7 25. Nf5 Re8 26. Nd6 Re7 27. Nf5 1/2-1/2

[Event "Carnaval"]
[Site "Quebec CAN"]
[Date "2016.02.20"]
[Round "3"]
[White "Bleau, John"]
[Black "Bolduc, Steve"]
[Result "0-1"]
[WhiteElo "1870"]
[BlackElo "2309"]
[PlyCount "56"]
[GameId "2160767908761015"]
[EventDate "2016.02.19"]
[EventType "swiss"]
[EventRounds "5"]
[EventCountry "CAN"]
[SourceTitle "EXT 2022"]
[Source "ChessBase"]
[SourceDate "2021.10.06"]
[SourceVersion "1"]
[SourceVersionDate "2021.10.06"]
[SourceQuality "1"]

1. d4 d5 2. c4 e6 3. Nc3 c6 4. cxd5 exd5 5. g3 Bf5 6. Nf3 Nf6 7. Bg2 Bd6 8. O-O O-O 9. Nh4 Bg4 10. h3 Bc8 11. Qc2 Re8 12. Nf5 Bxf5 13. Qxf5 Qd7 14. Qxd7 Nbxd7 15. Be3 Bxg3 16. b4 Bd6 17. b5 Nb6 18. bxc6 bxc6 19. Rac1 h6 20. Rc2 Rac8 21. Rfc1 Nc4 22. Nd1 Rb8 23. Rxc4 dxc4 24. Bxc6 Rec8 25. d5 Ba3 26. Rc3 Rb1 27. Rxa3 Rxd1+ 28. Kg2 Nxd5 0-1

[Event "Carnaval"]
[Site "Quebec CAN"]
[Date "2016.02.21"]
[Round "4"]
[White "Bolduc, Steve"]
[Black "Caire, Francois"]
[Result "1-0"]
[WhiteElo "2309"]
[BlackElo "2243"]
[PlyCount "43"]
[GameId "2160767908761023"]
[EventDate "2016.02.19"]
[EventType "swiss"]
[EventRounds "5"]
[EventCountry "CAN"]
[SourceTitle "EXT 2022"]
[Source "ChessBase"]
[SourceDate "2021.10.06"]
[SourceVersion "1"]
[SourceVersionDate "2021.10.06"]
[SourceQuality "1"]

1. d4 Nf6 2. c4 e6 3. Nc3 Bb4 4. e3 c5 5. Nge2 O-O 6. a3 Bxc3+ 7. Nxc3 cxd4 8. exd4 d5 9. Be3 Nc6 10. Be2 dxc4 11. Bxc4 h6 12. O-O Ne7 13. Qf3 Ned5 14. Rac1 b6 15. Nxd5 Nxd5 16. Bd3 Rb8 17. Qg3 Nxe3 18. fxe3 Rb7 19. Ba6 Qd5 20. Bxb7 Bxb7 21. Rc7 a5 22. Qf3 1-0

[Event "Montcalm op"]
[Site "Quebec CAN"]
[Date "2016.01.08"]
[Round "1"]
[White "Bolduc, Steve"]
[Black "Doyon, Stephane"]
[Result "1-0"]
[WhiteElo "2307"]
[BlackElo "1816"]
[PlyCount "55"]
[GameId "2160767908782080"]
[EventDate "2016.01.08"]
[EventType "swiss"]
[EventRounds "5"]
[EventCountry "CAN"]
[SourceTitle "EXT 2022"]
[Source "ChessBase"]
[SourceDate "2021.10.06"]
[SourceVersion "1"]
[SourceVersionDate "2021.10.06"]
[SourceQuality "1"]

1. d4 d5 2. c4 c6 3. Nc3 Nf6 4. Nf3 e6 5. Bg5 dxc4 6. e4 b5 7. e5 h6 8. Bh4 g5 9. Nxg5 hxg5 10. Bxg5 Nbd7 11. exf6 Bb7 12. g3 Qb6 13. Bg2 O-O-O 14. O-O c5 15. d5 exd5 16. Nxd5 Bxd5 17. Qxd5 Bh6 18. Bxh6 Rxh6 19. Rad1 Kc7 20. Rd2 Rxf6 21. Rfd1 Re6 22. Bh3 Re7 23. Qg5 f6 24. Qf4+ Kc8 25. Bf5 Qc7 26. Qg4 a5 27. h4 a4 28. a3 1-0

[Event "Montcalm op"]
[Site "Quebec CAN"]
[Date "2016.01.09"]
[Round "2"]
[White "Dube, Daniel"]
[Black "Bolduc, Steve"]
[Result "0-1"]
[WhiteElo "1932"]
[BlackElo "2307"]
[PlyCount "64"]
[GameId "2160767908782088"]
[EventDate "2016.01.08"]
[EventType "swiss"]
[EventRounds "5"]
[EventCountry "CAN"]
[SourceTitle "EXT 2022"]
[Source "ChessBase"]
[SourceDate "2021.10.06"]
[SourceVersion "1"]
[SourceVersionDate "2021.10.06"]
[SourceQuality "1"]

1. e4 e5 2. Nf3 Nf6 3. d4 Nxe4 4. Bd3 Nc6 5. Bxe4 d5 6. dxe5 dxe4 7. Qxd8+ Nxd8 8. Ng5 Bf5 9. Nd2 e3 10. fxe3 Bxc2 11. O-O Bc5 12. Nc4 Bd3 13. Rf4 Be7 14. Nf3 Ne6 15. b3 Nxf4 16. exf4 Bxc4 17. bxc4 O-O-O 18. Be3 Rd3 19. Kf2 Rhd8 20. Ke2 Rc3 21. Rc1 Rdd3 22. Rxc3 Rxc3 23. f5 Rxc4 24. h3 Rc2+ 25. Nd2 Rxa2 26. g4 c5 27. Kd3 Ra3+ 28. Ke4 Rxe3+ 29. Kxe3 Bg5+ 30. Ke2 Bxd2 31. Kxd2 Kd7 32. g5 g6 0-1

[Event "Montcalm op"]
[Site "Quebec CAN"]
[Date "2016.01.10"]
[Round "4"]
[White "Lessard, Claude"]
[Black "Bolduc, Steve"]
[Result "0-1"]
[WhiteElo "1978"]
[BlackElo "2307"]
[PlyCount "64"]
[GameId "2160767908782102"]
[EventDate "2016.01.08"]
[EventType "swiss"]
[EventRounds "5"]
[EventCountry "CAN"]
[SourceTitle "EXT 2022"]
[Source "ChessBase"]
[SourceDate "2021.10.06"]
[SourceVersion "1"]
[SourceVersionDate "2021.10.06"]
[SourceQuality "1"]

1. d4 d5 2. c4 e6 3. Nc3 c6 4. Nf3 dxc4 5. a4 Bb4 6. e3 b5 7. axb5 cxb5 8. Bd2 Bxc3 9. Bxc3 a5 10. Ne5 Bb7 11. Qg4 Kf8 12. Nxf7 Kxf7 13. d5 Nf6 14. Qxe6+ Kg6 15. e4 Qd7 16. Qe5 Re8 17. Qg3+ Qg4 18. f3 Qxg3+ 19. hxg3 Nxd5 20. O-O-O Nxc3 21. Rd6+ Kf7 22. bxc3 Ra6 23. Rd4 Nc6 24. Rd5 Re5 25. Rd7+ Re7 26. Rd5 Na7 27. Rf5+ Rf6 28. Rc5 h6 29. Be2 Rd7 30. Re1 g6 31. f4 Rc6 32. Re5 Re7 0-1

[Event "Montcalm op"]
[Site "Quebec CAN"]
[Date "2016.01.10"]
[Round "5"]
[White "Bolduc, Steve"]
[Black "Cournoyer, Dominic"]
[Result "1-0"]
[WhiteElo "2307"]
[BlackElo "1994"]
[PlyCount "27"]
[GameId "2160767908782107"]
[EventDate "2016.01.08"]
[EventType "swiss"]
[EventRounds "5"]
[EventCountry "CAN"]
[SourceTitle "EXT 2022"]
[Source "ChessBase"]
[SourceDate "2021.10.06"]
[SourceVersion "1"]
[SourceVersionDate "2021.10.06"]
[SourceQuality "1"]

1. d4 d5 2. c4 c6 3. Nc3 e6 4. e4 dxe4 5. Nxe4 e5 6. dxe5 Qa5+ 7. Bd2 Qxe5 8. Bd3 Na6 9. Nf3 Qe7 10. O-O Bg4 11. c5 Nxc5 12. Bb4 Bxf3 13. Qxf3 b6 14. Nxc5 1-0

[Event "Varennes op"]
[Site "Varennes CAN"]
[Date "2015.11.07"]
[Round "1.7"]
[White "Struben, Jeroen"]
[Black "Bolduc, Steve"]
[Result "0-1"]
[WhiteElo "1825"]
[BlackElo "2310"]
[PlyCount "49"]
[GameId "2160767908795000"]
[EventDate "2015.11.07"]
[EventType "swiss"]
[EventRounds "5"]
[EventCountry "CAN"]
[SourceTitle "hb 2015"]

1. d4 d5 2. c4 e6 3. Nf3 c6 4. e3 Nf6 5. b3 Bb4+ 6. Nbd2 O-O 7. Bb2 Nbd7 8. a3 Ba5 9. Bd3 c5 10. cxd5 exd5 11. O-O Re8 12. dxc5 Nxc5 13. Bb5 Bd7 14. Bxd7 Ncxd7 15. Rc1 Ne4 16. Nxe4 dxe4 17. Qd4 Nf6 18. Ne5 Bb6 19. Qc4 Re7 20. Rfd1 Qe8 21. Qc3 Rc7 22. Nc4 Rc6 23. Nd6 Qe6 24. Qe5 Qxb3 25. Rxc6 0-1

[Event "Varennes op"]
[Site "Varennes CAN"]
[Date "2015.11.09"]
[Round "5.5"]
[White "Fan, Run Kun"]
[Black "Bolduc, Steve"]
[Result "0-1"]
[WhiteElo "2054"]
[BlackElo "2310"]
[PlyCount "80"]
[GameId "2160767908795037"]
[EventDate "2015.11.07"]
[EventType "swiss"]
[EventRounds "5"]
[EventCountry "CAN"]
[SourceTitle "hb 2015"]

1. Nf3 Nf6 2. c4 c5 3. g3 b6 4. Bg2 Bb7 5. Nc3 e6 6. O-O Be7 7. e3 O-O 8. b3 d5 9. cxd5 Nxd5 10. Nxd5 Qxd5 11. Bb2 Rd8 12. d4 Bf6 13. Qc2 Qh5 14. Ne5 Bxg2 15. Kxg2 Bxe5 16. dxe5 Nc6 17. Qe4 Rd5 18. g4 Qg6 19. Qxg6 hxg6 20. Rad1 Rad8 21. Rxd5 Rxd5 22. f4 Nb4 23. Kf3 Rd2 24. Bc3 Rxa2 25. Bxb4 cxb4 26. Rc1 Kf8 27. Rc4 a5 28. Rc6 Rb2 29. Rxb6 Rxb3 30. Rb8+ Ke7 31. Rb7+ Ke8 32. Rb8+ Kd7 33. Rb7+ Kc6 34. Rxf7 a4 35. Rxg7 a3 36. Ra7 Rb2 37. h4 a2 38. h5 gxh5 39. gxh5 b3 40. h6 Rh2 0-1

[Event "Montreal op"]
[Site "Montreal CAN"]
[Date "2015.09.11"]
[Round "1.14"]
[White "Bolduc, Steve"]
[Black "Fan, Run Kun"]
[Result "1/2-1/2"]
[WhiteElo "2228"]
[BlackElo "1989"]
[PlyCount "80"]
[GameId "2160767908820341"]
[EventDate "2015.09.12"]
[EventType "swiss"]
[EventRounds "5"]
[EventCountry "CAN"]

1. c4 c6 2. g3 Nf6 3. Bg2 g6 4. Nc3 d5 5. cxd5 cxd5 6. d4 Bg7 7. Nf3 Nc6 8. O-O O-O 9. Ne5 Nxe5 10. dxe5 Ng4 11. Nxd5 e6 12. Ne3 Nxe5 13. Bd2 Nc6 14. Bc3 Nd4 15. Qd3 e5 16. Rfd1 Qg5 17. Nd5 Bg4 18. f3 Be6 19. e4 Bxd5 20. exd5 Qd8 21. f4 Qb6 22. Kh1 f6 23. Bxd4 exd4 24. Qxd4 Qd6 25. Rac1 f5 26. Qc5 Rfd8 27. Qxd6 Rxd6 28. b3 Rd7 29. Rc2 Rad8 30. Bf3 Bf8 31. Rdc1 Ba3 32. Re1 Bd6 33. Kg2 Kf7 34. a4 Re7 35. Rxe7+ Kxe7 36. Be2 a6 37. Kf3 Kd7 38. g4 fxg4+ 39. Kxg4 Rf8 40. Rc4 Rf5 1/2-1/2

[Event "Montreal op"]
[Site "Montreal CAN"]
[Date "2015.09.12"]
[Round "2.12"]
[White "Xu, Ruoying"]
[Black "Bolduc, Steve"]
[Result "0-1"]
[WhiteElo "2028"]
[BlackElo "2228"]
[PlyCount "64"]
[GameId "2160767908820358"]
[EventDate "2015.09.12"]
[EventType "swiss"]
[EventRounds "5"]
[EventCountry "CAN"]
[SourceTitle "hb 2015"]

1. d4 d5 2. Nf3 e6 3. Bf4 c5 4. e3 Qb6 5. Nbd2 Nc6 6. dxc5 Bxc5 7. Nb3 Be7 8. Rb1 Nf6 9. Be2 O-O 10. O-O Rd8 11. a4 Bd7 12. Ra1 Na5 13. Nxa5 Qxa5 14. c3 Rdc8 15. Ne5 Be8 16. Bd3 Qb6 17. Qe2 Bd6 18. a5 Qc7 19. Ng4 Nd7 20. Bxd6 Qxd6 21. f4 f5 22. Nf2 Nc5 23. g4 fxg4 24. Qxg4 Nxd3 25. Nxd3 Bg6 26. Ne5 Be4 27. Nf3 Rf8 28. Ne5 Rf6 29. Rf2 Raf8 30. Rd2 Kh8 31. Ra4 Qxe5 32. Kf2 Qc7 0-1

[Event "Quebec op 3e RIDEF"]
[Site "Montreal CAN"]
[Date "2015.07.17"]
[Round "1.31"]
[White "Fan, Run Kun"]
[Black "Bolduc, Steve"]
[Result "1/2-1/2"]
[WhiteElo "1734"]
[BlackElo "2166"]
[PlyCount "75"]
[GameId "2160767908853991"]
[EventDate "2015.07.17"]
[EventType "swiss"]
[EventRounds "9"]
[EventCountry "CAN"]

1. Nf3 d5 2. g3 Nf6 3. Bg2 c6 4. O-O Bf5 5. d4 e6 6. c4 Nbd7 7. cxd5 exd5 8. Bf4 Be7 9. Qb3 Qb6 10. Nbd2 O-O 11. Rfc1 Rfe8 12. e3 Ne4 13. Nxe4 Bxe4 14. g4 Qxb3 15. axb3 f6 16. Nd2 g5 17. Bxe4 dxe4 18. Bg3 Bf8 19. Nc4 Nb6 20. Nxb6 axb6 21. Bc7 b5 22. h3 Kf7 23. Kf1 Ke6 24. Ke2 Kd7 25. Bb6 Bb4 26. Kd1 Rh8 27. Ke2 h5 28. Rxa8 Rxa8 29. d5 hxg4 30. dxc6+ bxc6 31. hxg4 Ra6 32. Bc5 Bxc5 33. Rxc5 Ra2 34. Rc2 Ra1 35. f3 Rg1 36. Kf2 Rh1 37. Kg2 Rh4 38. Kg3 1/2-1/2